مبادىء الصحة العامة / (رقم التسجيلة. 10779)
[ عرض عادي ]
| 000 -LEADER | |
|---|---|
| fixed length control field | 00521nam a22001817a 4500 |
| 005 - DATE AND TIME OF LATEST TRANSACTION | |
| control field | 20251108164400.0 |
| 008 - FIXED-LENGTH DATA ELEMENTS--GENERAL INFORMATION | |
| fixed length control field | 250721s2000 xx 000 0 ara d |
| 082 14 - DEWEY DECIMAL CLASSIFICATION NUMBER | |
| Classification number | 613/قمش |
| 100 1# - MAIN ENTRY--PERSONAL NAME | |
| Personal name | القمش، مصطفى |
| 245 10 - TITLE STATEMENT | |
| Title | مبادىء الصحة العامة / |
| 264 1# - PRODUCTION, PUBLICATION, DISTRIBUTION, MANUFACTURE, AND COPYRIGHT NOTICE | |
| Place of production, publication, distribution, manufacture | عمان : |
| Name of producer, publisher, distributor, manufacturer | دار الفكر للطباعة، |
| Date of production, publication, distribution, manufacture, or copyright notice | 2000. |
| 300 ## - PHYSICAL DESCRIPTION | |
| Extent | 240ص. |
| 650 17 - SUBJECT ADDED ENTRY--TOPICAL TERM | |
| Topical term or geographic name as entry element | الصحة العامة |
| 700 1# - ADDED ENTRY--PERSONAL NAME | |
| Personal name | المعايطة، خليل |
| 700 1# - ADDED ENTRY--PERSONAL NAME | |
| Personal name | مخامرة، سحر |
| 942 ## - ADDED ENTRY ELEMENTS (KOHA) | |
| Source of classification or shelving scheme | Dewey Decimal Classification |
| Koha item type | كتب |
| حالة السحب | حالة الفقدان | مصدر التصنيف | حالة التلف | غير قابل للإعارة | المكتبة الرئيسية | المكتبة الحالية | موقع الرف | تاريخ التزويد | الرقم المتسلسل | Total Checkouts | رقم الإستدعاء | الباركود | تاريخ آخر ظهور | تاريخ الفاتورة | نوع المادة (كوها) |
|---|---|---|---|---|---|---|---|---|---|---|---|---|---|---|---|
| Dewey Decimal Classification | المكتبة المركزية | المكتبة المركزية | الإعارة | 06/07/2004 | 374480 | 613/قمش | 374480 | 28/07/2025 | 06/07/2004 | كتب | |||||
| Dewey Decimal Classification | المكتبة المركزية | المكتبة المركزية | الإعارة | 07/04/2013 | 374479 | 613/قمش | PLD00269285 | 28/07/2025 | 07/04/2013 | كتب | |||||
| Dewey Decimal Classification | Unchecked | مكتبة أبو علندا العامة | مكتبة أبو علندا العامة | الإعارة | 06/07/2004 | 374491 | 613/قمش | 28/07/2025 | 06/07/2004 | كتب | |||||
| Dewey Decimal Classification | Unchecked | مكتبة أم قصير والمقابلين العامة | مكتبة أم قصير والمقابلين العامة | الإعارة | 06/07/2004 | 374490 | 613/قمش | 28/07/2025 | 06/07/2004 | كتب | |||||
| Dewey Decimal Classification | مكتبة الأميرة ايمان العامة | مكتبة الأميرة ايمان العامة | الإعارة | 06/07/2004 | 374482 | 613/قمش | 374482 | 28/07/2025 | 06/07/2004 | كتب | |||||
| Dewey Decimal Classification | Unchecked | مكتبة الاميرة بديعة | مكتبة الاميرة بديعة | الإعارة | 06/07/2004 | 374485 | 613/قمش | 28/07/2025 | 06/07/2004 | كتب | |||||
| Dewey Decimal Classification | مكتبة الجويدة | مكتبة الجويدة | الإعارة | 28/07/2025 | 374486 | 613/قمش | 374486 | 28/07/2025 | 28/07/2025 | كتب | |||||
| Dewey Decimal Classification | مكتبة الحسن العامة | مكتبة الحسن العامة | الإعارة | 06/07/2004 | 374487 | 613/قمش | 374487 | 28/07/2025 | 06/07/2004 | كتب | |||||
| Dewey Decimal Classification | مكتبة صويلح العامة | مكتبة صويلح العامة | الإعارة | 06/07/2004 | 374483 | 613/قمش | 374483 | 28/07/2025 | 06/07/2004 | كتب | |||||
| Dewey Decimal Classification | Unchecked | مكتبة وادي السير العامة | مكتبة وادي السير العامة | الإعارة | 06/07/2004 | 374492 | 613/قمش | 28/07/2025 | 06/07/2004 | كتب |